Statistics for Ligue 1 logos 23-24

Click here to take the quiz!

General Stats

  • This quiz has been taken 173 times
  • The average score is 15 of 18

Answer Stats

Answer% Correct
PSG
100%
Lyon
97%
Monaco
97%
LOSC
96%
Marseille
96%
Nice
94%
Nantes
88%
Lens
86%
Montpellier
85%
Brest
84%
Toulouse
84%
Rennes
82%
Strasbourg
81%
Lorient
80%
Metz
78%
Reims
75%
Clermont
73%
Le Havre
66%

Score Distribution

Percentile by Number Answered

Percent of People with Each Score

Your Score History

You have not taken this quiz